Statistics for Stations on the Lumo Railway (UK)

Click here to take the quiz!

General Stats

  • This quiz has been taken 61 times
  • The average score is 4 of 5

Answer Stats

HintAnswer% Correct
TerminusLondon King's Cross
100%
TerminusEdinburgh Waverley
98%
StationNewcastle (Central)
96%
StationStevenage
78%
StationMorpeth
74%

Score Distribution

Percentile by Number Answered

Percent of People with Each Score

Your Score History

You have not taken this quiz